Statistics for Every F1 Constructor All Time

Click here to take the quiz!

General Stats

  • This quiz has been taken 8 times
  • The average score is 29 of 144

Answer Stats

CountrySeasonsAnswer% Correct
Italy/Switzerland1950-1951, 1979-1985, and 2019-2023Alfa Romeo
100%
United Kingdom1959-1960 and 2021-PresentAston Martin
100%
Italy1950-PresentFerrari
100%
United States2016-PresentHaas
100%
Germany1954-1955 and 2010-PresentMercedes
100%
Zimbabwe1965RE
100%
Austria2005-PresentRed Bull
100%
United Kingdom/Italy1986-2001Bennetton
86%
Switzerland/Germany1993-2018BMW Sauber
86%
United Kingdom1958-1994Lotus
86%
Malaysia2010-2011Lotus
86%
United Kingdom2012-2015Lotus
86%
United Kingdom1966-PresentMcLaren
86%
Switzerland2024-PresentSauber
86%
United Kingdom1978-PresentWilliams
86%
Italy2020-2023AlphaTauri
71%
France2021-PresentAlpine
71%
Japan1964-1968 and 2006-2008Honda
71%
France/United Kingdom1977-1985, 2002-2011, and 2016-2020Renault
71%
Italy2006-2019Toro Rosso
71%
Japan2002-2009Toyota
71%
United Kingdom1962-1987 and 1989-1992Brabham
57%
India2008-2018Force India
57%
Italy1991Lambo
57%
Italy2024-PresentRB
57%
United Kingdom1970-1998Tyrrel
57%
Germany1959-1960Behra Porsche
43%
United Kingdom1999-2005British American Racing
43%
United Kingdom2000-2004Jaguar
43%
Germany1957-1964Porsche
43%
United Kingdom2018-2020Racing Point
43%
United Kingdom1954-1960Vanwall
43%
United Kingdom2009Brawn GP
29%
France1956Bugatti
29%
United Kingdom1974-1978Hesketh
29%
Ireland1991-2005Jordan
29%
Italy1950-1960Maserati
29%
France1967-1972Matra
29%
Italy1985-2005Minardi
29%
United States1974-1977Penske
29%
France1997-2001Prost
29%
United Kingdom1997-1999Stewart
29%
United Kingdom1978-2002Arrows
14%
United Kingdom1951 and 1956-1977British Racing Motors
14%
Malaysia2012-2014Caterham
14%
Spain2010-2012HRT
14%
Italy1954-1955Lancia
14%
France1993-1994Larrousse
14%
France1976-1996Ligier
14%
United Kingdom1962-1963, 1967-1968, 1974-1975, 1985-1991, 1993, and 1997Lola
14%
Russia/United Kingdom2012-2015Marussia
14%
Italy1980-1990Osella
14%
United States/United Kingdom1973-1980Shadow
14%
Netherlands2007Spyker
14%
Japan2006-2008Super Aguri
14%
United Kingdom1981-1985Toleman
14%
United Kingdom/Russia2010-2011Virgin
14%
Canada1977-1979Wolf
14%
Germany1985-1989Zakspeed
14%
Germany1952-1953AFM
0%
France1986-1991AGS
0%
South Africa1963 and 1965Alfa Special
0%
United Kingdom1950-1952Alta
0%
New Zealand1974Amon
0%
Italy1992Andrea Moda
0%
Switzerland1977Apollon
0%
Italy1955Arzani-Volpini
0%
United Kingdom1952Aston Butterworth
0%
Germany1977-1984ATS
0%
Italy1963Automobili Turismo
0%
Switzerland1970-1971Bellasi
0%
Netherlands1976-1977Boro
0%
United Kingdom1963-1964British Racing Partnership
0%
Italy1952Cisitalia
0%
Italy1987-1991Coloni
0%
United Kingdom1952-1959Connaught
0%
United Kingdom1972Connew
0%
United Kingdom1950 and 1952-1969Cooper Car Company
0%
Italy1988-1992Dallara
0%
Italy1961-1963 and 1970De Tomaso
0%
United States1966-1969Eagle
0%
Belgium1962Ecurie Nationale Belge
0%
Germany1972Eifelland
0%
Germany1953Eisenacher Motorenwerk
0%
United Kingdom1956 and 1961-1962Emeryson
0%
United Kingdom1950-1952English Racing Automobiles
0%
United Kingdom1973-1982Ensign
0%
Italy1988-1990EuroBrun
0%
United Kingdom1961Ferguson Research
0%
Italy1989FIRST
0%
Brazil1975-1982Fittipaldi Automotive
0%
Italy1991-1992Fondmetal
0%
Italy1995-1996Forti
0%
United Kingdom1972-1976Frank Williams Racing Cars
0%
United Kingdom1952Frazer-Nash
0%
United Kingdom1959Fry
0%
United Kingdom1961-1963Gilby Engineering
0%
France1952-1956Gordini
0%
Germany1953Greifzu
0%
United Kingdom1975Hill
0%
United Kingdom1951-1955HWM
0%
United Kingdom1959-1961JBW
0%
Germany1979Kauhsen
0%
Germany1954Klenk
0%
Japan1976-1977Kojima
0%
United States1959Kurtis
0%
South Africa1962-1963, 1965, and 1967-1968LDS
0%
United Kingdom1977LEC
0%
United Kingdom1990-1991Leyton House
0%
Italy1990Life
0%
United Kingdom1974-1975Lyncar
0%
Japan1974-1976Maki
0%
United Kingdom2016Manor
0%
United Kingdom1970-1977, 1981-1982, 1987-1989, and 1992March
0%
France1978Martini
0%
Switzerland1961MBM
0%
Australia1977McGuire
0%
Italy1978-1979Merzario
0%
Russia2006Midland
0%
Italy1950Milano
0%
United Kingdom1989-1990Onyx
0%
Italy1951-1953 and 1958OSCA
0%
United Kingdom1994-1995Pacific
0%
United States1974-1976Parnelli
0%
United Kingdom1983-1985RAM
0%
Mexico1979Rebaque
0%
Germany1988-1989Rial
0%
United States1960Scarab
0%
United Kingdom1963-1964Scirocco
0%
United Kingdom1966Shannon
0%
France1950-1953Simca-Gordini
0%
United Kingdom1994-1995Simtek
0%
United Kingdom1983-1985Spirit
0%
Canada1963Stebro
0%
United Kingdom1970-1978Surtees
0%
Italy1950SVA
0%
France1950-1951Talbot-Lago
0%
United States1959Tec-Mec
0%
Italy1972-1973Tecno
0%
Hong Kong1978 and 1981-1983Theodore
0%
United Kingdom1974Token
0%
United Kingdom1974Trojan
0%
France1992Venturi
0%
Germany1951-1953Veritas
0%

Score Distribution

Percentile by Number Answered

Percent of People with Each Score

Your Score History

You have not taken this quiz